[Event "Budapest Spring op"]
[Site "Budapest"]
[Date "2016.03.19"]
[Round "2"]
[White "Zsatkovics, Endre"]
[Black "Alhazzaa, Abdulrahman"]
[Result "1-0"]
[WhiteElo "1723"]
[BlackElo "1398"]
[PlyCount "69"]
[EventDate "2016.03.18"]
[EventType "swiss"]
[EventRounds "9"]
[EventCountry "HUN"]
[SourceTitle "CBM 171 Extra"]
[Source "ChessBase"]
[SourceDate "2016.04.26"]
[SourceVersion "1"]
[SourceVersionDate "2016.04.26"]
[SourceQuality "1"]

1. e4 c6 2. d4 d5 3. Nc3 dxe4 4. Nxe4 Bf5 5. Ng3 Bg6 6. Nf3 h6 7. Bd3 Bxd3 8. Qxd3 e6 9. Bf4 Bd6 10. Bxd6 Qxd6 11. Ne4 Qc7 12. Qa3 Ne7 13. Nd6+ Kf8 14. 0-0 Na6 15. Ne5 c5 16. Ndxf7 Nb4 17. Qf3 Nf5 18. Nxh8 cxd4 19. Qh5 Ke7 20. Nhg6+ Kd6 21. c3 Nc2 22. Rac1 d3 23. Rfd1 Rd8 24. Rxc2 Kc5 25. Rxd3 Rd5 26. Rxd5+ Kxd5 27. Qf3+ Kc5 28. Qe4 Kb6 29. Qb4+ Ka6 30. Qa4+ Qa5 31. Qc4+ b5 32. Qxe6+ Kb7 33. Rd2 Qxa2 34. Rd7+ Kc8 35. Qe8# 1-0